00560nam a2200205Ia 450000500170000000800460001703700110006304000080007404000080008204000080009004100080009804100080010608400080011410000360012224500900015826000090024830000100025765000120026770000750027920260430150205.0008 250103s9999 xx 000 0 eng d aTheses aCRL beng ceng 2eng aeng qCRL aNegi Padma Au.; Singh Vipul Gu. 0aTrans-Himalayan trade, trade routes and pastoral communities of kinnaur (1600s-1900s) c2021 a222p. aHistory aUniversity of Delhi. Faculty of Social Sciences. Department of History